Online
Catalog

La estadística en la República Dominicana y la decisiva influencia del benefactor de la patria en su definitiva y moderna organización. / (Record no. 30055)

MARC details
000 -CABECERA
campo de control de longitud fija 01005nam a2200217 a 4500
003 - IDENTIFICADOR DEL NÚMERO DE CONTROL
campo de control DO-SdBNP
005 - FECHA Y HORA DE LA ÚLTIMA TRANSACCIÓN
campo de control 20220921120156.0
007 - CAMPO FIJO DE DESCRIPCIÓN FÍSICA--INFORMACIÓN GENERAL
campo de control de longitud fija ta
008 - DATOS DE LONGITUD FIJA--INFORMACIÓN GENERAL
campo de control de longitud fija 110524s1940 dr 000 s spa d
040 ## - FUENTE DE LA CATALOGACIÓN
Centro catalogador/agencia de origen DO-SdBNP
Lengua de catalogación spa
Centro/agencia transcriptor BNPHU
082 ## - NÚMERO DE LA CLASIFICACIÓN DECIMAL DEWEY
Número de clasificación xxxx
Número de documento/Ítem T649c
100 ## - ENTRADA PRINCIPAL--NOMBRE DE PERSONA
9 (RLIN) 54375
Nombre de persona Tolentino Rojas, Vicente
245 13 - MENCIÓN DE TÍTULO
Título La estadística en la República Dominicana y la decisiva influencia del benefactor de la patria en su definitiva y moderna organización. /
Mención de responsabilidad, etc. Vicente Tolentino Rojas
246 ## - FORMA VARIANTE DE TÍTULO
Título propio/Titulo breve Conferencia pronunciado por don Vicente Tolentino Rojas. :
Resto del título la estadística en la República Dominicana y la decisiva influencia del benefactor de la patria en su definitiva y moderna organización. /
260 ## - PUBLICACIÓN, DISTRIBUCIÓN, ETC.
Lugar de publicación, distribución, etc. Ciudad Trujillo, República Dominicana,
Nombre del editor, distribuidor, etc. Partido Dominicano,
-- Listín Diario,
Fecha de publicación, distribución, etc. 1940.
300 ## - DESCRIPCIÓN FÍSICA
Extensión 19 p.
Dimensiones 24 cm.
505 0# - NOTA DE CONTENIDO CON FORMATO
Título Bosquejo histórico --
-- La obra de Trujillo en la estadística --
-- Conclusión /
590 ## - NOTA LOCAL (RLIN)
Nota local Inventariado, 2022/ YL
910 ## - DATOS DE OPCIÓN DEL USUARIO (OCLC)
Datos de opción del usuario YLockward
942 ## - ELEMENTOS DE PUNTO DE ACCESO ADICIONAL (KOHA)
Fuente del sistema de clasificación o colocación Dewey Decimal Classification
Tipo de ítem Koha Folleto
Holdings
Estado de retiro Estado de pérdida Fuente del sistema de clasificación o colocación Restricciones de uso No para préstamo Código de colección Localización permanente Ubicación/localización actual Ubicación en estantería Fecha de adquisición Total de préstamos Signatura topográfica completa Código de barras Fecha visto por última vez Precio válido a partir de Tipo de ítem Koha Nota pública
    Dewey Decimal Classification Excluido de préstamo   Dominicana Folletos Raros y Valiosos Biblioteca Nacional Pedro Henríquez Ureña Biblioteca Nacional Pedro Henríquez Ureña En catalogación 21.09.2022   xxxx T649c 2022-4019 21.09.2022 21.09.2022 Folleto Perteneció a la biblioteca personal de Carlos Larrazábal Blanco.

Powered by Koha